_Irrigation policy in Kenya and Zimbabwe (Record no. 5950)
[ view plain ]
| 000 -LEADER | |
|---|---|
| fixed length control field | 00480nam a2200133Ia 4500 |
| 008 - FIXED-LENGTH DATA ELEMENTS--GENERAL INFORMATION | |
| fixed length control field | 151021s9999 xx 000 0 und d |
| 050 ## - LIBRARY OF CONGRESS CALL NUMBER | |
| Classification number | S 605. 2 K415 1987 |
| 245 ## - TITLE STATEMENT | |
| Title | _Irrigation policy in Kenya and Zimbabwe |
| 260 ## - PUBLICATION, DISTRIBUTION, ETC. (IMPRINT) | |
| Place of publication, distribution, etc. | Nairobi Institute for development studies |
| 300 ## - PHYSICAL DESCRIPTION | |
| Extent | v, 420p. :ills. |
| 650 ## - SUBJECT ADDED ENTRY--TOPICAL TERM | |
| Topical term or geographic name as entry element | _Proceedings of the second intermediate seminar on irrigation farming in Kenya and Zimbabwe |
| 700 ## - ADDED ENTRY--PERSONAL NAME | |
| Personal name | _Rukuni Mandivamba |
| 980 ## - EQUIVALENCE OR CROSS-REFERENCE-SERIES STATEMENT--PERSONAL NAME/TITLE [LOCAL, CANADA] | |
| Personal name | ^d20110121 12:54:42^okorir |
No items available.